000 00503nam a2200169Ia 4500
008 090201s9999 xx 000 0 und d
010 _aKPL-57332
040 _bमराठी
041 _aमराठी
082 _a10436
_b57332
100 _aचारुशिला भिडे
245 _aपुत्रवती
_cचारुशिला भिडे
260 _c2004
_bदेविका
300 _a123
_bमोठा
600 _aपुत्रवती
942 _cBOOK
999 _c210886
_d210886